| 000 | 00999nam a2200253Ia 4500 | ||
|---|---|---|---|
| 999 |
_c55945 _d55945 |
||
| 001 | 23044 | ||
| 003 | GE_BSU | ||
| 005 | 20230616122125.0 | ||
| 008 | 181216s ||||ge |||||||||||||| ||geo|| | ||
| 020 | _a5505008623 | ||
| 040 | _cGE_BSU | ||
| 041 | _ageo | ||
| 080 | _a821.353.1.02(075.8) მ-44 | ||
| 100 |
_aმახარაძე, აპოლონ _918767 |
||
| 245 |
_aქართული რომანტიზმი / _cაპოლონ მახარაძე ; რედ. გ. ახალაია. |
||
| 264 |
_aთბილისი : _bგანათლება, _c1990. |
||
| 300 |
_a526 გვ. ; _c21 სმ. |
||
| 500 | _aსაძიებელი : გვ. 517-523 | ||
| 541 | _h2 ლ. 60თ. | ||
| 653 | _aრომანტიზმი ქართულ ლიტერატურაში | ||
| 653 | _aქართული რომანტიზმი | ||
| 700 |
_aახალაია, გ. _eრედაქტორი _99826 |
||
| 942 |
_cBK _2udc |
||